|
|
|
|
| LEADER |
00000nam0a2200000 4500 |
| 001 |
25770 |
| 005 |
20260421103123.0 |
| 035 |
|
|
|a (RuTPU)RU\TPU\book\26007
|
| 035 |
|
|
|a BOOK00026082
|
| 090 |
|
|
|a 25770
|
| 100 |
|
|
|a 20011209d2001 m y0гusy50020304ba
|
| 101 |
0 |
|
|a гus
|
| 102 |
|
|
|a RU
|
| 105 |
|
|
|a a j 000zy
|
| 200 |
1 |
|
|a Схемотехника
|h Ч. 2
|e учебное пособие
|f А. Н. Осокин
|g Томский политехнический университет (ТПУ), Институт дистанционного образования (ИДО)
|
| 210 |
|
|
|a Томск
|c Изд-во ТПУ
|d 2001
|
| 215 |
|
|
|a 144 с.
|c ил.
|
| 606 |
1 |
|
|a Микросхемотехника
|2 stltpush
|3 (RuTPU)RU\TPU\subj\43763
|9 63206
|
| 610 |
1 |
|
|a схемотехника
|
| 610 |
1 |
|
|a вычислительная техника
|
| 610 |
1 |
|
|a микросхемы памяти
|
| 610 |
1 |
|
|a логические матрицы
|
| 610 |
1 |
|
|a матричная логика
|
| 610 |
1 |
|
|a аналого-цифровые преобразователи
|
| 610 |
1 |
|
|a микросхемы
|
| 610 |
1 |
|
|a наноэлектронные устройства
|
| 610 |
1 |
|
|a запоминающие устройства
|
| 610 |
1 |
|
|a цифро-аналоговые устройства
|
| 610 |
1 |
|
|a учебные пособия
|
| 610 |
1 |
|
|a дистанционное образование
|
| 610 |
1 |
|
|a труды учёных ТПУ
|
| 675 |
|
|
|a 621.382.049.77(075.8)
|v 3
|
| 700 |
|
1 |
|a Осокин
|b А. Н.
|c специалист в области информатики и вычислительной техники
|c доцент Томского политехнического университета, кандидат технических наук
|f 1947-
|g Александр Николаевич
|3 (RuTPU)RU\TPU\pers\25406
|9 11349
|
| 712 |
0 |
2 |
|a Томский политехнический университет (ТПУ)
|b Институт дистанционного образования (ИДО)
|3 (RuTPU)RU\TPU\col\12625
|
| 801 |
|
0 |
|a RU
|b 63413507
|c 20011209
|g PSBO
|
| 801 |
|
2 |
|a RU
|b 63413507
|c 20211015
|g PSBO
|
| 942 |
|
|
|c BK
|